000 00432nam a2200181Ia 4500
008 230524s9999 xx 000 0 und d
020 _a8173193053
082 _a531.015
_bBOS
100 _aBose
_97092
245 0 _aElements of Analytical Mechanics
250 _a1ST
260 _aNEW DELHI
_bNarosa
_c2000
300 _a455
500 _aQuantity Number: 1
650 _aPhysics
700 _a Chattoraj
_97093
942 _cBK
999 _c10247
_d10247